000 00820nam a2200229Ii 4500
003 JO-AjNU
008 230605s9999||||xx |||||||||||||| ||und||
017 _a2003/6/1040
020 _a9957-433-02-4
040 _aJO-AjNU
_bara
_erda
_cJO-AjNU
041 _aara
050 1 4 _aBP70.S4.2003
100 3 _aالخطيب،نسرين ، محمد،كفاح/اعداد,
_eauthor
_916908
245 0 0 _aالأئمة الأربعة :أبو حنيفة النعمان-مالك بن أنس-الشافعي-أحمد بن حنبل
250 _aط1
264 3 1 _aعمان:حضارة للنشر والتوزيع،2003
300 _a79ص
336 _atext
_btxt
_2rdacontent
337 _aunmediated
_bn
_2rdamedia
338 _avolume
_bnc
_2rdacarrier
650 4 _aالائمة الاربعة-المذاهب الفقهية
_916909
999 _aA5114
_c8682
_d8682